| 000 | 00444nam a22001577a 4500 | ||
|---|---|---|---|
| 008 | 230419b |||||||| |||| 00| 0 eng d | ||
| 040 |
_aNational Science Library _cNational Science Library |
||
| 080 |
_a5+6:4(410-87) _bK2 |
||
| 100 | _aHanson, C W | ||
| 245 | _aForeign language barrier in science and technology | ||
| 260 |
_aLondon: _bAslib, _c1962 |
||
| 300 | _a57p. | ||
| 650 | _aLanguage | ||
| 653 | _aTechnology | ||
| 942 |
_2udc _cBK |
||
| 999 |
_c21087 _d21087 |
||